| 000 | 02039nam a2200373Ia 4500 | ||
|---|---|---|---|
| 001 | Z_3004 | ||
| 003 | CHAP | ||
| 008 | 220113s1977 xx 000 0 und d | ||
| 010 | _a166091 | ||
| 020 | _a84-311-0183--0 (obra completa) \ 84-311-0061-3 (tomo 1) \ 84-311-0182-2 (tomo 2) \ 84-311-0187-3 (tomo 3) \ 84-311-0210-1 (tomo 4) | ||
| 040 | _cCHAP | ||
| 082 | _a543 C43 | ||
| 100 |
_aCharlot, Gaston _921977 |
||
| 240 | _aCurso de química analítica general | ||
| 245 |
_aCurso de química analítica general / _cGaston Charlot; autores tomo 3 y 4 Magdeleine Machtiner y Robert Rosset; traducción Santiago Vicente Pérez, Jorge Calmet Fontane y José García Monjo |
||
| 250 | _a2a ed. | ||
| 260 |
_aEspaña : _bToray-Masson, _c1977 |
||
| 300 | _a4 v. | ||
| 500 | _aTítulo original de la obra : Chimie analytique générale \ Tomo 1: Solutions aqueuses et non aqueuses \ Tomo 2: Méthodes électrochimeques et absorptiométriques. chromatographie \ Tomo 3: Exercices, équilibres en milieu homogéne, équilibres hétérogénes, sépatations \ Tomo 4: Exerxices, coubres de titrage, reactions dans les solvans, méthodos électrochimiques, méthodes optiques | ||
| 503 | _aej.1 v.1 tomo 1: 102246 \ ej.1 v.2 tomo 2: 102246 \ ej.1 v.3 tomo 3: 102246 \ ej.1 v.4 tomo 4: 102246 | ||
| 505 | _aTomo 1: Soluciones acuosas y no acuosas-- Tomo 2: Métodos electroquímicos y absorciométricos, cromatografía -- Tomo 3: Equilibrio en medio homogéneo, equilibrios heterogéneos, separaciones -- Tomo 4: Ejercición, Curvas de valoración, reacciones en los disolventes, métodos electroquímicos, métodos ópticos | ||
| 650 |
_aQuímica analítica _993582 |
||
| 700 |
_a Calmet Fontane, Jorge, tr. _9140155 |
||
| 700 |
_a García Monjo, José, tr. _9140156 |
||
| 700 |
_a Pérez, Santiago Vicente, tr. _9140157 |
||
| 700 |
_a Rosset, Robert, aut. _9140158 |
||
| 700 |
_aMachtiner, Magdeleine, aut. _9140159 |
||
| 901 | _a543 C43 | ||
| 902 | _aM | ||
| 910 | _a1977 | ||
| 942 | _c1 | ||
| 942 | _cc1 | ||
| 999 |
_c166091 _d166091 |
||